000
00338 a2200157 4500
001
156458
020
_a
9788532298089
040
_c
Escola São Tomás de Aquino
100
_a
LIMA, Mirna
240
1
0
_a
Geografia
_l
por
245
1
0
_a
Geografia
300
_a
192
362
0
_a
2014
697
_a
GEOGRAFIA GERAL / VIAGENS
942
_c
BK
999
_c
156458
_d
156458